[Event "Tournoi Skype 023B"]
[Site "Skype"]
[Date "????.??.??"]
[Round "6.5"]
[White "Munoz Gonzalez, Martin"]
[Black "Franca, Diego"]
[Result "1-0"]
[WhiteElo "1394"]
[BlackElo "1291"]
[PlyCount "113"]

1. b3 d5 2. Bb2 Nf6 3. Nf3 Nbd7 4. e3 e6 5. Be2 Bd6 6. c4 c6 7. Nc3 O-O 8. O-O
Qe7 9. Qc2 Ba3 10. d3 Bxb2 11. Qxb2 dxc4 12. dxc4 a6 13. Nd4 c5 14. Nf3 b6 15.
e4 Bb7 16. Nd2 Ne5 17. Rad1 Rfd8 18. Na4 Qc7 19. Nxb6 Neg4 20. e5 Rab8 21. Na4
Qxe5 22. Qxe5 Nxe5 23. Nxc5 Rd6 24. Nxb7 Rxb7 25. Nf3 Nxf3+ 26. Bxf3 Rbd7 27.
Rxd6 Rxd6 28. Rd1 Rd7 29. Rxd7 Nxd7 30. b4 Kf8 31. Kf1 Ke8 32. Ke2 Kd8 33. Ke3
Kc7 34. Be4 f5 35. Bd3 Ne5 36. Be2 Ng4+ 37. Bxg4 fxg4 38. Kf4 h5 39. Ke5 Kd7
40. a4 h4 41. b5 axb5 42. axb5 Kc8 43. Kxe6 Kb7 44. Kd5 Kb6 45. Kd6 g5 46. c5+
Kxb5 47. c6 h3 48. g3 Kc4 49. c7 Kd3 50. c8=Q Ke2 51. Qxg4+ Kxf2 52. Qxh3 Kg1
53. g4 Kh1 54. Qh6 Kg2 55. h4 gxh4 56. Qxh4 Kf3 57. g5 1-0

[Event "Tournoi Skype 023B"]
[Site "Skype"]
[Date "????.??.??"]
[Round "6.6"]
[White "Morelli, Daniel"]
[Black "Mantelli, Luca"]
[Result "1/2-1/2"]
[WhiteElo "1394"]
[BlackElo "1285"]
[PlyCount "53"]

1. e4 e5 2. Nf3 Nc6 3. Bc4 Bc5 4. d3 d6 5. O-O Nf6 6. Qe2 Bg4 7. Be3 Nd4 8.
Bxd4 Bxd4 9. c3 Bb6 10. Nbd2 O-O 11. Qe1 Be6 12. Bb3 Bxb3 13. Nxb3 Re8 14. a4
a6 15. c4 h6 16. Rc1 Qe7 17. Qc3 c5 18. h3 Kh8 19. Na5 Rab8 20. Nb3 Nd7 21. a5
Bc7 22. Nbd2 Rf8 23. b4 f5 24. bxc5 Nxc5 25. Rce1 f4 26. d4 Nd7 27. Qa3 1/2-1/2

[Event "Tournoi Skype 023B"]
[Site "Skype"]
[Date "????.??.??"]
[Round "6.7"]
[White "Bustos, Ricardo"]
[Black "Legueltel, Daniel"]
[Result "0-1"]
[WhiteElo "1241"]
[BlackElo "1597"]
[PlyCount "60"]

1. e4 e5 2. Bc4 Nf6 3. d4 Nxe4 4. Nf3 d5 5. Bb3 c6 6. Nxe5 Bd6 7. Nf3 Nd7 8.
Nc3 Ndf6 9. Bg5 Nxg5 10. Nxg5 Bg4 11. Qd3 Qc7 12. Ne2 O-O 13. O-O-O Bxe2 14.
Qxe2 Bf4+ 15. Kb1 Bxg5 16. h4 Bf4 17. g3 Bd6 18. c3 Rfe8 19. Qd3 Re6 20. c4 Qe7
21. c5 Bc7 22. Bc2 Re4 23. Qf3 Re8 24. Bxe4 Nxe4 25. Qg2 Qf6 26. Ka1 Qxf2 27.
Qh3 Qxg3 28. Qd7 Nf6 29. Qxe8+ Nxe8 30. Rde1 Nf6 0-1

[Event "Tournoi Skype 023B"]
[Site "Skype"]
[Date "????.??.??"]
[Round "6.8"]
[White "Harmelle, Dominique"]
[Black "Borg, Anthony"]
[Result "1-0"]
[WhiteElo "1362"]
[BlackElo "1390"]
[PlyCount "95"]

1. d4 e6 2. Bf4 d5 3. e3 Nf6 4. Nd2 Bb4 5. c3 Be7 6. Ngf3 Nbd7 7. Bd3 O-O 8.
Ne5 c5 9. Qf3 cxd4 10. exd4 b6 11. Qh3 g6 12. Ndf3 Nh5 13. Bh6 Ndf6 14. g3 Ne4
15. Bxf8 Bxf8 16. O-O Bb7 17. Rad1 a5 18. Bb5 Nd6 19. Bc6 Qf6 20. Rd3 Bxc6 21.
Nxc6 a4 22. Nce5 Qd8 23. Nc6 Qc7 24. Nfe5 f6 25. Qxe6+ Kg7 26. Qd7+ Qxd7 27.
Nxd7 Nc4 28. Nxf8 Rxf8 29. b3 axb3 30. axb3 Nd6 31. Nb4 Ne4 32. Nxd5 b5 33. Re1
f5 34. f3 Ng5 35. Kg2 Rd8 36. c4 bxc4 37. bxc4 Kh6 38. Re7 Ra8 39. Rd2 Ra3 40.
Rf2 Rd3 41. Nf4 Nxf4+ 42. gxf4 Ne4 43. fxe4 Rxd4 44. c5 fxe4 45. c6 Rc4 46. c7
e3 47. Re2 Rc6 48. R2xe3 1-0

[Event "Tournoi Skype 023B"]
[Site "Skype"]
[Date "????.??.??"]
[Round "6.9"]
[White "Navghane, Rahul"]
[Black "Yanez, Leticia Jorgelina"]
[Result "1-0"]
[WhiteElo "1506"]
[BlackElo "1328"]
[PlyCount "73"]

1. e4 e5 2. Nf3 Nc6 3. Bc4 Nf6 4. d3 Bc5 5. h3 O-O 6. Be3 Bxe3 7. fxe3 d6 8.
O-O Na5 9. Na3 Qd7 10. Nh4 d5 11. exd5 Nxd5 12. Bxd5 Qxd5 13. e4 Qd4+ 14. Rf2
Qxb2 15. Nc4 Nxc4 16. dxc4 Be6 17. c3 Qxc3 18. Rc1 Qe3 19. Nf3 Qxe4 20. Re2 Qc6
21. Nxe5 Qc5+ 22. Kh1 Rad8 23. Qc2 Rd4 24. Ree1 Rfd8 25. Qf2 Rd2 26. Qxc5 Rxa2
27. Qxc7 Rad2 28. Rf1 f6 29. Qe7 Bxc4 30. Nxc4 R2d7 31. Qe6+ Kf8 32. Ne5 Re7
33. Qf5 a5 34. Rc8 Ke8 35. Rxd8+ Kxd8 36. Rd1+ Ke8 37. Qc8# 1-0

[Event "Tournoi Skype 023B"]
[Site "Skype"]
[Date "????.??.??"]
[Round "6.10"]
[White "Couto, Januario"]
[Black "De Nobrega, George"]
[Result "1/2-1/2"]
[WhiteElo "1482"]
[BlackElo "1323"]
[PlyCount "59"]

1. e4 e5 2. Nf3 Nc6 3. Bc4 h6 4. d4 d6 5. h3 Nf6 6. Nc3 a6 7. dxe5 Nxe5 8. Nxe5
dxe5 9. Bxf7+ Ke7 10. Qxd8+ Kxd8 11. Be3 Bb4 12. O-O-O+ Ke7 13. Bb3 Bxc3 14.
bxc3 Nxe4 15. Kb2 Be6 16. f3 Ng3 17. Rhe1 Rad8 18. Bf2 Rxd1 19. Rxd1 Nf5 20. g4
Nd6 21. Bc5 Rd8 22. Bxd6+ Rxd6 23. Rxd6 Kxd6 24. Bxe6 Kxe6 25. c4 b5 26. Kc3 c5
27. a3 g6 28. h4 h5 29. Kd3 Kd6 30. c3 1/2-1/2

[Event "Tournoi Skype 023B"]
[Site "Skype"]
[Date "????.??.??"]
[Round "6.11"]
[White "Battaglia, Gabriele"]
[Black "Cayo, Ana Carolina"]
[Result "1-0"]
[WhiteElo "1283"]
[BlackElo "1449"]
[PlyCount "49"]

1. Nf3 d5 2. g3 Nf6 3. Bg2 Bf5 4. d3 Nbd7 5. Nbd2 e6 6. O-O Bc5 7. Re1 Ng4 8.
e3 Qf6 9. h3 Nge5 10. d4 Nxf3+ 11. Nxf3 Bd6 12. Qe2 h5 13. h4 Bg4 14. b3 O-O-O
15. c4 Rdg8 16. c5 Be7 17. a4 g5 18. hxg5 Rxg5 19. b4 h4 20. a5 hxg3 21. fxg3
Bxf3 22. Qxf3 Qxf3 23. Bxf3 Rxg3+ 24. Kf2 Rh2+ 25. Kxg3 1-0

[Event "Tournoi Skype 023B"]
[Site "Skype"]
[Date "????.??.??"]
[Round "6.12"]
[White "Duthoit, Bernard"]
[Black "Baker, Abi"]
[Result "0-1"]
[WhiteElo "1421"]
[BlackElo "1110"]
[PlyCount "82"]

1. e4 e6 2. d4 d5 3. e5 c5 4. c3 Bd7 5. Nf3 Ne7 6. Bd3 c4 7. Bc2 g6 8. Bg5 Qb6
9. b3 cxb3 10. axb3 Bb5 11. Bd3 Bxd3 12. Qxd3 Qxb3 13. O-O Nbc6 14. Nbd2 Qb6
15. Rfb1 Qc7 16. c4 Nf5 17. Rc1 Nb4 18. cxd5 Qxc1+ 19. Rxc1 Nxd3 20. Rc7 b5 21.
d6 Nxd6 22. exd6 Bxd6 23. Rb7 b4 24. Bh6 Rc8 25. Nb3 Rc2 26. Rxa7 Nxf2 27. Ra8+
Kd7 28. Rxh8 Rb2 29. Nfd2 Ng4 30. Bg5 Bxh2+ 31. Kf1 h5 32. Rd8+ Kc6 33. Rc8+
Kd7 34. Rf8 f5 35. Rg8 f4 36. Rxg6 Ne3+ 37. Ke2 Nxg2 38. Bxf4 Nxf4+ 39. Kf3
Nxg6 40. Kg2 Bf4 41. Kh3 Bxd2 0-1

[Event "Tournoi Skype 023B"]
[Site "Skype"]
[Date "????.??.??"]
[Round "6.13"]
[White "Hargez, Dany"]
[Black "Malbec, Robert"]
[Result "0-1"]
[WhiteElo "1282"]
[BlackElo "1401"]
[PlyCount "108"]

1. e4 e5 2. d4 exd4 3. Nf3 c5 4. Bc4 f6 5. Nh4 Qe7 6. Qh5+ g6 7. Nxg6 Qxe4+ 8.
Qe2 Qxe2+ 9. Bxe2 hxg6 10. Bf4 d6 11. Nd2 Bd7 12. O-O-O Nc6 13. Nc4 Ne5 14.
Rde1 Ke7 15. Bd3 g5 16. Bg3 Bh6 17. Kb1 f5 18. Bxe5 dxe5 19. Rxe5+ Kd8 20. Rxc5
b6 21. Rd5 Ne7 22. Re5 Bg7 23. Re2 Nd5 24. g3 f4 25. g4 Bxg4 26. Ree1 Bf3 27.
Rhg1 Bf6 28. Nd6 Kc7 29. Re6 Rxh2 30. Nb5+ Kb7 31. Nd6+ Kc7 32. Ne8+ Kd8 33.
Nxf6 Nxf6 34. Rxf6 Rh1 35. Rxh1 Bxh1 36. Rd6+ Ke7 37. Rxd4 Rd8 38. c3 Rd6 39.
b4 Ke6 40. Kc2 Ke5 41. Rxd6 Kxd6 42. c4 g4 43. a4 g3 44. fxg3 fxg3 45. Bf1 g2
46. Bxg2 Bxg2 47. Kc3 Ke5 48. c5 bxc5 49. bxc5 Kd5 50. Kb4 Bf1 51. a5 a6 52.
Ka4 Kxc5 53. Ka3 Kb5 54. Kb3 Kxa5 0-1

[Event "Tournoi Skype 023B"]
[Site "Skype"]
[Date "????.??.??"]
[Round "6.14"]
[White "Vincent, Andre"]
[Black "Torres, Vicky"]
[Result "1-0"]
[WhiteElo "1372"]
[BlackElo "1265"]
[PlyCount "87"]

1. e4 e5 2. Nf3 Nc6 3. Be2 Nf6 4. Nc3 Bb4 5. O-O O-O 6. d4 exd4 7. Nxd4 Nxd4 8.
Qxd4 Bxc3 9. bxc3 d5 10. e5 Ne4 11. Bf4 c6 12. f3 Ng5 13. Bxg5 Qxg5 14. g3 Qg6
15. Bd3 Qh5 16. Rae1 Bh3 17. Rf2 Qh6 18. Qe3 Qxe3 19. Rxe3 g6 20. g4 b5 21. g5
Kg7 22. f4 Bf5 23. Bxf5 gxf5 24. h4 Rfe8 25. h5 h6 26. Rg2 Re6 27. Reg3 Rd8 28.
Kh2 d4 29. Rd3 c5 30. Rgd2 c4 31. Rxd4 Rxd4 32. cxd4 a5 33. a3 c3 34. Rd3 b4
35. a4 Rb6 36. d5 b3 37. cxb3 Rxb3 38. Rd1 Rb2+ 39. Kg3 c2 40. Rc1 Kf8 41. d6
Ke8 42. gxh6 Rb3+ 43. Kh4 Rd3 44. h7 1-0

[Event "Tournoi Skype 023B"]
[Site "Skype"]
[Date "????.??.??"]
[Round "6.15"]
[White "Moumtaz, Abderrahim"]
[Black "Silva, Givson"]
[Result "1/2-1/2"]
[WhiteElo "1280"]
[BlackElo "1365"]
[PlyCount "149"]

1. d4 e6 2. c4 d6 3. Nc3 a6 4. Nf3 Nf6 5. Bg5 c5 6. dxc5 Be7 7. cxd6 Qxd6 8.
Qxd6 Bxd6 9. e4 Bc5 10. h3 Nfd7 11. Bd3 f6 12. Bf4 O-O 13. O-O Nc6 14. a3 Nb6
15. b4 Bd7 16. bxc5 Nc8 17. Rad1 e5 18. Be3 N8e7 19. Rb1 Rab8 20. Na4 Be6 21.
Nb6 Na5 22. Rbc1 Rfd8 23. Rfd1 Kh8 24. Be2 Nb3 25. Rxd8+ Rxd8 26. Rd1 Rxd1+ 27.
Bxd1 Na5 28. Nd5 Ng6 29. Be2 Nc6 30. Bd1 Na5 31. Nd2 Bd7 32. Nb6 Bc6 33. Be2
Nf8 34. Nf3 Bxe4 35. Nd2 Bc6 36. Bf3 Bxf3 37. gxf3 Kg8 38. Nd5 Kf7 39. f4 Nc6
40. fxe5 Nxe5 41. Ne4 Nxc4 42. a4 Ng6 43. Nd6+ Nxd6 44. cxd6 Ke6 45. Bc5 Ne5
46. Nf4+ Kd7 47. Kf1 Kc6 48. Bb4 b6 49. Ba3 a5 50. Ne6 Nc4 51. Nd4+ Kd7 52. Nb5
Kc6 53. Ke2 Ne5 54. Ke3 Nc4+ 55. Kd3 Nxa3 56. Nxa3 Kxd6 57. Nc4+ Kc5 58. Kc3 g6
59. f4 h6 60. Ne3 f5 61. Nc4 b5 62. Nxa5 bxa4 63. Nc4 g5 64. fxg5 hxg5 65. Ne3
f4 66. Ng4 a3 67. Kb3 Kd4 68. Kxa3 f3 69. Kb2 Ke4 70. Kc2 Kf4 71. Kd2 Kg3 72.
Ke3 Kg2 73. Nf2 Kg3 74. Nh1+ Kg2 75. Nf2 1/2-1/2

[Event "Tournoi Skype 023B"]
[Site "Skype"]
[Date "????.??.??"]
[Round "6.17"]
[White "Gonzalez, Ivan"]
[Black "Luna Perez Vico, Lorenzo"]
[Result "1/2-1/2"]
[WhiteElo "1000"]
[BlackElo "1488"]
[PlyCount "34"]

1. d4 Nf6 2. Nc3 d5 3. Nf3 Bf5 4. h3 h6 5. Bf4 c6 6. e3 Nbd7 7. Bd3 Bh7 8. Bxh7
Nxh7 9. Qd3 e6 10. O-O-O Nhf6 11. e4 dxe4 12. Nxe4 Nxe4 13. Qxe4 Nf6 14. Qd3
Nd5 15. Bh2 Bd6 16. Rhe1 Bxh2 17. Nxh2 Nf4 1/2-1/2

[Event "Tournoi Skype 023B"]
[Site "Skype"]
[Date "????.??.??"]
[Round "6.18"]
[White "Quillien, Pierre-Yves"]
[Black "Scata, Laura"]
[Result "1-0"]
[WhiteElo "1466"]
[BlackElo "1106"]
[PlyCount "77"]

1. e4 c6 2. d4 d5 3. Nc3 dxe4 4. Nxe4 Bf5 5. Ng3 Bg6 6. Nf3 Nd7 7. Bd3 Bxd3 8.
Qxd3 e6 9. O-O Ngf6 10. c4 Be7 11. Bf4 O-O 12. Ne5 Nxe5 13. Bxe5 Rc8 14. Rfd1
Bd6 15. Bxd6 Qxd6 16. Ne4 Nxe4 17. Qxe4 Qb4 18. b3 Rfe8 19. Rd3 Rc7 20. Rh3 h6
21. Qg4 Kh7 22. Rg3 Rg8 23. f4 c5 24. f5 cxd4 25. fxe6 Qd6 26. Re1 Re7 27. Qe4+
Kh8 28. exf7 Rxe4 29. fxg8=Q+ Kxg8 30. Rxe4 d3 31. Re1 Kf7 32. Rf1+ Ke6 33.
Rg6+ Ke5 34. Rxd6 Kxd6 35. Kf2 Kc5 36. Ke3 Kb4 37. Kxd3 Ka3 38. Kc3 Kxa2 39. h4
1-0

[Event "Tournoi Skype 023B"]
[Site "Skype"]
[Date "????.??.??"]
[Round "6.19"]
[White "Sanchez Padilla, Armando Edilber"]
[Black "Khatanhar, Mohit"]
[Result "0-1"]
[WhiteElo "1287"]
[BlackElo "1259"]
[PlyCount "78"]

1. e4 e5 2. Nf3 Nc6 3. Bb5 Nge7 4. a3 a6 5. Ba4 d6 6. O-O Bd7 7. Re1 Ng6 8. d3
h6 9. Nc3 Be7 10. Be3 O-O 11. Nd5 f5 12. Bb3 Kh8 13. Qd2 f4 14. Nxf4 exf4 15.
Bd4 Nxd4 16. Nxd4 Bg5 17. Nf3 Nh4 18. Qe2 Bg4 19. c3 Qf6 20. Kh1 Qg6 21. Rg1
Qh5 22. Bd1 Rae8 23. c4 Nxf3 24. gxf3 Bh3 25. a4 a5 26. b3 b6 27. Qb2 Bf6 28.
d4 c5 29. Qd2 Bxd4 30. Ra2 Qh4 31. Rc2 Re6 32. Ra2 Re5 33. Qe1 Rh5 34. Rg6 Bf1
35. Kg1 Bh3 36. Kh1 Rf6 37. Rg1 Bf1 38. Rg2 Bxg2+ 39. Kxg2 Qh3+ 0-1

[Event "Tournoi Skype 023B"]
[Site "Skype"]
[Date "????.??.??"]
[Round "6.20"]
[White "Khabou, Taha"]
[Black "Amato, Ludovica"]
[Result "0-1"]
[WhiteElo "1274"]
[BlackElo "1230"]
[PlyCount "30"]

1. e4 e5 2. Nf3 Nf6 3. Nxe5 d6 4. Nf3 Nxe4 5. Bc4 d5 6. Bb3 Be7 7. d3 Nc5 8.
Nbd2 O-O 9. d4 Nxb3 10. Nxb3 Re8 11. O-O b6 12. Bf4 Bf5 13. Nc1 c6 14. Nd3 Nd7
15. Nb4 Bxb4 0-1

[Event "Tournoi Skype 023B"]
[Site "Skype"]
[Date "????.??.??"]
[Round "6.21"]
[White "Gerbaux, Regis"]
[Black "Farfallini, Michel"]
[Result "1-0"]
[WhiteElo "1357"]
[BlackElo "1223"]
[PlyCount "39"]

1. e4 e5 2. Bc4 Nf6 3. Nc3 Bc5 4. Nf3 O-O 5. Nxe5 Qe7 6. d4 Bb6 7. Be3 d6 8.
Nf3 Nxe4 9. Nd5 Qd8 10. Qd3 Bf5 11. Ng5 Ng3 12. Qd2 Nxh1 13. O-O-O c6 14. Nc3
Nxf2 15. Qxf2 Nd7 16. Qxf5 g6 17. Qf3 Nf6 18. Nce4 Nxe4 19. Qxe4 Re8 20. Bxf7+
1-0

[Event "Tournoi Skype 023B"]
[Site "Skype"]
[Date "????.??.??"]
[Round "6.22"]
[White "Lecluyse, Koenraad"]
[Black "Codina, Teresa"]
[Result "1-0"]
[WhiteElo "1224"]
[BlackElo "1287"]
[PlyCount "63"]

1. d4 Nf6 2. Nf3 d5 3. Bf4 e6 4. e3 c5 5. c3 cxd4 6. cxd4 Bb4+ 7. Nbd2 Ne4 8.
Bd3 Bxd2+ 9. Nxd2 Nxd2 10. Qxd2 Nd7 11. O-O Nf6 12. Bb5+ Bd7 13. Bxd7+ Nxd7 14.
Rac1 O-O 15. Rfe1 Nf6 16. Bg5 h6 17. Bxf6 Qxf6 18. Qe2 Rfd8 19. Rc7 b6 20. Qg4
a5 21. b3 e5 22. h3 b5 23. f4 exf4 24. Qxf4 Ra6 25. Rb7 b4 26. Rb8 Qxf4 27.
Rxd8+ Kh7 28. exf4 Ra7 29. Rxd5 a4 30. f5 axb3 31. axb3 Rc7 32. Rb5 1-0

[Event "Tournoi Skype 023B"]
[Site "Skype"]
[Date "????.??.??"]
[Round "6.23"]
[White "K, Ashoka"]
[Black "Alverson, Ginny"]
[Result "1-0"]
[WhiteElo "1268"]
[BlackElo "1190"]
[PlyCount "109"]

1. d4 Nf6 2. e3 d5 3. Bd3 Nbd7 4. Nf3 e6 5. O-O Be7 6. Nbd2 O-O 7. e4 dxe4 8.
Nxe4 Nxe4 9. Bxe4 Nf6 10. Bd3 Bd6 11. Re1 Re8 12. h3 h6 13. Nh4 Nh7 14. Qh5 Re7
15. Bxh7+ Kxh7 16. c3 g6 17. Qxh6+ Kg8 18. Bg5 Qf8 19. Qxf8+ Kxf8 20. Bxe7+
Bxe7 21. Nf3 Bd7 22. Ne5 Bb5 23. Re4 Bd6 24. Rae1 Bxe5 25. Rxe5 Bd7 26. b3 b6
27. c4 a5 28. a4 Kg7 29. g4 Rh8 30. Kh2 Re8 31. Kg3 f6 32. R5e3 g5 33. f4 gxf4+
34. Kxf4 e5+ 35. dxe5 fxe5+ 36. Rxe5 Rf8+ 37. Kg3 Kh6 38. Rh5+ Kg6 39. Ree5 Rf6
40. Reg5+ Kf7 41. Rh7+ Ke6 42. h4 Bc6 43. Rxc7 Rf3+ 44. Kh2 Rf2+ 45. Kh3 Rf3+
46. Kh2 Rf2+ 47. Kg1 Rg2+ 48. Kf1 Bf3 49. Rg6+ Ke5 50. Re7+ Kf4 51. Rf7+ Kg3
52. Rxf3+ Kxf3 53. Rf6+ Kg3 54. h5 Rf2+ 55. Rxf2 1-0

[Event "Tournoi Skype 023B"]
[Site "Skype"]
[Date "????.??.??"]
[Round "6.24"]
[White "Le Bouill, Pierre"]
[Black "Maccaferri, Massimo"]
[Result "1-0"]
[WhiteElo "1165"]
[BlackElo "1259"]
[PlyCount "81"]

1. Nf3 Nc6 2. g3 e5 3. d3 d5 4. Bg2 e4 5. dxe4 dxe4 6. Nfd2 f5 7. O-O Bc5 8. c4
Be6 9. b3 Qg5 10. Bb2 Nf6 11. Bxf6 gxf6 12. e3 O-O-O 13. Qe2 Rdg8 14. f3 Bd6
15. fxe4 fxe4 16. Nxe4 Qg6 17. Nbd2 h5 18. Rxf6 Bg4 19. Bf3 Qg7 20. Bxg4+ hxg4
21. Raf1 Ne5 22. Nxd6+ Kd7 23. Nxb7 Nf3+ 24. R6xf3 gxf3 25. Qxf3 Rf8 26. Qd5+
Kc8 27. Nc5 c6 28. Qxc6+ Qc7 29. Qe6+ Kd8 30. Qd5+ Kc8 31. Rxf8+ Rxf8 32. Ne6
Qe7 33. Qa8+ Kd7 34. Nxf8+ Kd6 35. Qd5+ Kc7 36. Ne6+ Kc8 37. Qc6+ Kb8 38. Ne4
a5 39. Qb6+ Kc8 40. N4c5 Qf7 41. Qd8# 1-0

[Event "Tournoi Skype 023B"]
[Site "Skype"]
[Date "????.??.??"]
[Round "6.26"]
[White "Berbedes, Jorgelina"]
[Black "Hernandez Lopez, Joaquin"]
[Result "0-1"]
[WhiteElo "1075"]
[BlackElo "1251"]
[PlyCount "76"]

1. d4 d5 2. Nf3 Nf6 3. Bf4 Bf5 4. e3 c6 5. c4 e6 6. Nbd2 Nbd7 7. Be2 Be7 8. Ne5
O-O 9. Ndf3 Bb4+ 10. Nd2 Ne4 11. Nef3 Nxd2 12. Nxd2 Nf6 13. a3 Be7 14. Bf3 Ne4
15. Bxe4 Bxe4 16. Nxe4 dxe4 17. O-O Bd6 18. Bg3 Bxg3 19. fxg3 Qg5 20. Qe2 Rad8
21. c5 Rd5 22. Rf2 e5 23. h4 Qxg3 24. h5 Qg5 25. Raf1 f5 26. g4 f4 27. Rh2 f3
28. Qf2 exd4 29. h6 g6 30. Re1 Qxg4+ 31. Kf1 d3 32. Rh4 Qg2+ 33. Qxg2 fxg2+ 34.
Kxg2 Rg5+ 35. Kh1 Rf2 36. Rxe4 Rh5+ 37. Kg1 Rf8 38. Re5 Rxe5 0-1

[Event "Tournoi Skype 023B"]
[Site "Skype"]
[Date "????.??.??"]
[Round "6.27"]
[White "Douichi, Mohammed"]
[Black "Mimouni, Driss"]
[Result "1-0"]
[WhiteElo "1245"]
[BlackElo "1038"]
[PlyCount "33"]

1. e4 d5 2. Nc3 e6 3. d4 Nf6 4. e5 Ne4 5. Nxe4 dxe4 6. Be3 Nc6 7. Qg4 Bb4+ 8.
c3 Bf8 9. Bc4 h5 10. Qxe4 f5 11. exf6 gxf6 12. Qg6+ Kd7 13. Nf3 Ne7 14. Qxf6
Nd5 15. Bxd5 exd5 16. Ne5+ Ke8 17. Qf7# 1-0

[Event "Tournoi Skype 023B"]
[Site "Skype"]
[Date "????.??.??"]
[Round "6.29"]
[White "Bacha, Mehdi"]
[Black "Ozyuksel, Gulcan"]
[Result "1-0"]
[WhiteElo "1142"]
[BlackElo "1000"]
[PlyCount "69"]

1. d4 d5 2. e3 Nf6 3. Bd3 g6 4. f4 Bg4 5. Nf3 c6 6. O-O e6 7. c3 Nbd7 8. Qd2
Ne4 9. Qc2 Bf5 10. Nbd2 Bg7 11. Ne5 Nxe5 12. fxe5 O-O 13. Nxe4 Bxe4 14. Bxe4
dxe4 15. Qxe4 f6 16. exf6 Rxf6 17. Bd2 Qe7 18. Rxf6 Bxf6 19. Rf1 Rf8 20. a3 Bg7
21. Rxf8+ Bxf8 22. c4 Qd6 23. Bb4 Qd7 24. Bxf8 Kxf8 25. Qf4+ Kg7 26. Qe5+ Kg8
27. Qb8+ Kg7 28. Qxa7 h5 29. Qc5 h4 30. Qe5+ Kg8 31. Qg5 Qh7 32. Qd8+ Kg7 33.
Qe7+ Kh8 34. Qf6+ Kg8 35. Qxe6+ 1-0

[Event "Tournoi Skype 023B"]
[Site "Skype"]
[Date "????.??.??"]
[Round "6.30"]
[White "Schuh, David"]
[Black "Porcabeuf, Jean-Marc"]
[Result "1-0"]
[WhiteElo "1000"]
[BlackElo "1177"]
[PlyCount "67"]

1. d4 d5 2. e3 c6 3. Nf3 Nf6 4. Bd3 Nbd7 5. Qe2 e6 6. h3 Bd6 7. Bd2 O-O 8. O-O
Re8 9. Nc3 e5 10. dxe5 Nxe5 11. Nxe5 Rxe5 12. e4 Bc7 13. Bf4 Rf5 14. exf5 Bxf4
15. Qf3 Qc7 16. Rfe1 b6 17. Rad1 Bb7 18. Ne2 Bh6 19. a4 Kh8 20. b3 Rg8 21. Nd4
Qd6 22. Re2 g6 23. fxg6 fxg6 24. Rde1 g5 25. Re6 Qd8 26. Rxf6 g4 27. hxg4 Bg5
28. Rf7 Rg7 29. Rxg7 Kxg7 30. Re5 Bc8 31. Ne6+ Bxe6 32. Rxe6 Kg8 33. Rxc6 Qe8
34. Qxd5+ 1-0

[Event "Tournoi Skype 023B"]
[Site "Skype"]
[Date "????.??.??"]
[Round "6.31"]
[White "Swanepoel, Karel"]
[Black "Farthouat, Catherine"]
[Result "1-0"]
[WhiteElo "1000"]
[BlackElo "1129"]
[PlyCount "35"]

1. e4 d6 2. Nf3 c5 3. d4 cxd4 4. Nxd4 Nf6 5. Nc3 e6 6. Be2 Be7 7. O-O O-O 8.
Be3 Bd7 9. Qd2 Nc6 10. Ndb5 a6 11. Nxd6 Bxd6 12. Qxd6 Re8 13. Qg3 Nb4 14. Bh6
g6 15. Rfd1 Nxc2 16. Qe5 Nxa1 17. Rxd7 Kh8 18. Rxd8 1-0

[Event "Tournoi Skype 023B"]
[Site "Skype"]
[Date "????.??.??"]
[Round "6.32"]
[White "Schnell, Nicolas"]
[Black "Barrionuevo, Hilario"]
[Result "1-0"]
[WhiteElo "1000"]
[BlackElo "1000"]
[PlyCount "103"]

1. e4 e5 2. Nf3 Nc6 3. Nc3 Nf6 4. d3 h6 5. Be2 Be7 6. O-O O-O 7. Nb1 Bc5 8. c3
d6 9. Be3 Ng4 10. Bc1 Nf6 11. d4 exd4 12. cxd4 Bb6 13. d5 Nb4 14. Bc4 Re8 15.
Nbd2 Ng4 16. Re1 Bxf2+ 17. Kf1 Bf5 18. e5 Nc2 19. Nb3 dxe5 20. Re2 Bh4 21. Rxc2
e4 22. Nfd4 Nxh2+ 23. Kg1 Bg3 24. Nxf5 Bf2+ 25. Kxf2 e3+ 26. Nxe3 Rxe3 27. Bxe3
Qh4+ 28. Kg1 Re8 29. Re2 Nf3+ 30. gxf3 Qg3+ 31. Kf1 Qxf3+ 32. Bf2 Qh1+ 33. Bg1
Qh3+ 34. Kf2 Qf5+ 35. Ke1 Qh3 36. Rxe8+ Kh7 37. Bd3+ g6 38. Qc2 Qh4+ 39. Bf2
Qh1+ 40. Ke2 Qh5+ 41. Ke3 Qg5+ 42. Kd4 Qf4+ 43. Re4 Qf6+ 44. Kc5 b6+ 45. Kb5
c6+ 46. dxc6 a5 47. c7 Qf5+ 48. Nc5 bxc5 49. Re8 c4+ 50. Bxf5 gxf5 51. Qxf5+
Kg7 52. Rg1# 1-0

[Event "Tournoi Skype 023B"]
[Site "Skype"]
[Date "????.??.??"]
[Round "7.1"]
[White "Aceituno, Stebe"]
[Black "Munoz Gonzalez, Martin"]
[Result "1/2-1/2"]
[WhiteElo "1458"]
[BlackElo "1394"]
[PlyCount "23"]

1. e4 c6 2. d4 d5 3. exd5 cxd5 4. a3 a6 5. Nf3 Nf6 6. h3 h6 7. Be2 Bf5 8. O-O
e6 9. Nc3 Bd6 10. Ne5 O-O 11. f4 Qc7 12. Be3 1/2-1/2

[Event "Tournoi Skype 023B"]
[Site "Skype"]
[Date "????.??.??"]
[Round "7.2"]
[White "Teles, Jeferson Lisboa"]
[Black "Vilone, Rino"]
[Result "0-1"]
[WhiteElo "1571"]
[BlackElo "1466"]
[PlyCount "124"]

1. d4 Nf6 2. Nf3 e6 3. c4 c5 4. Bg5 cxd4 5. Bxf6 Qa5+ 6. Qd2 Qxd2+ 7. Nbxd2
gxf6 8. Nxd4 Rg8 9. g3 Ke7 10. Bg2 Nc6 11. Nxc6+ bxc6 12. O-O Bg7 13. Rab1 f5
14. b3 Bb7 15. e3 a5 16. c5 Ba6 17. Nc4 a4 18. Rfd1 Rgd8 19. Nb6 Ra7 20. Bf1
axb3 21. axb3 Bc3 22. b4 Bxf1 23. Kxf1 Bg7 24. Kg2 Be5 25. b5 Bf6 26. bxc6 dxc6
27. Rxd8 Kxd8 28. Nc4 Be7 29. Ne5 Kc7 30. Rb6 Bf6 31. Rxc6+ Kb7 32. Rb6+ Kc8
33. Nc4 Be7 34. Rb5 Rc7 35. Nd6+ Kd7 36. Nxf7 Rxc5 37. Rxc5 Bxc5 38. Kf3 Bf8
39. Ne5+ Kd6 40. Nd3 Kd5 41. Nf4+ Ke5 42. h3 Bd6 43. g4 Kf6 44. gxf5 exf5 45.
Nd3 Kf7 46. e4 fxe4+ 47. Kxe4 Ke6 48. f4 h6 49. f5+ Kf7 50. Nf2 h5 51. Nd3 Kf6
52. Nf4 h4 53. Ne6 Bb8 54. Nc5 Bc7 55. Nd7+ Ke7 56. Ne5 Kf6 57. Ng6 Kg5 58. Ne7
Bh2 59. Nd5 Kh6 60. Nf6 Kg5 61. Ng4 Bg3 62. Nf6 Kxf6 0-1

[Event "Tournoi Skype 023B"]
[Site "Skype"]
[Date "????.??.??"]
[Round "7.3"]
[White "Legueltel, Daniel"]
[Black "Ram, Madhukesh"]
[Result "0-1"]
[WhiteElo "1597"]
[BlackElo "1275"]
[PlyCount "136"]

1. d4 Nf6 2. c4 e6 3. Nc3 c6 4. Bg5 d5 5. e3 Nbd7 6. Be2 Bb4 7. Nf3 Ne4 8. Qc2
Qa5 9. Rc1 Qxa2 10. O-O Bxc3 11. bxc3 Qxc2 12. Rxc2 Nxg5 13. Nxg5 O-O 14. c5 b6
15. cxb6 axb6 16. Rb1 c5 17. Bb5 Nf6 18. f3 c4 19. Bc6 Rb8 20. Rcb2 Bd7 21.
Rxb6 Rbe8 22. Kf2 h6 23. Nh3 Re7 24. Rb7 Rfe8 25. Bxd7 Nxd7 26. Ra1 Nc5 27.
Rxe7 Nd3+ 28. Ke2 Rxe7 29. Ra8+ Kh7 30. Nf2 Nxf2 31. Kxf2 Rb7 32. e4 Rb3 33.
exd5 exd5 34. Rd8 Rxc3 35. Rxd5 Rc2+ 36. Kg3 Rd2 37. Rc5 Rxd4 38. f4 Rd3+ 39.
Kf2 c3 40. Ke2 Rd2+ 41. Ke3 Rxg2 42. Rxc3 Rxh2 43. Rc7 f6 44. f5 Rg2 45. Kf3
Rg5 46. Kf4 h5 47. Rc3 Kh6 48. Rh3 Rg4+ 49. Kf3 Kg5 50. Rh2 h4 51. Ra2 Rg3+ 52.
Kf2 Kxf5 53. Ra5+ Kg6 54. Ra4 Kg5 55. Ra5+ f5 56. Ra7 g6 57. Ra4 f4 58. Ra5+
Kg4 59. Ra7 h3 60. Ra6 g5 61. Rh6 Rg2+ 62. Kf1 f3 63. Rh8 Kg3 64. Rh5 g4 65.
Rh8 h2 66. Rxh2 Rxh2 67. Ke1 Ra2 68. Kd1 f2 0-1

[Event "Tournoi Skype 023B"]
[Site "Skype"]
[Date "????.??.??"]
[Round "7.4"]
[White "Kruzeniski, Randy"]
[Black "Harmelle, Dominique"]
[Result "1/2-1/2"]
[WhiteElo "1427"]
[BlackElo "1362"]
[PlyCount "61"]

1. Nf3 d5 2. d4 c6 3. e3 Bf5 4. Bd3 Bxd3 5. Qxd3 Nf6 6. O-O e6 7. c4 Bd6 8.
Nbd2 Nbd7 9. a3 O-O 10. b3 Re8 11. Bb2 Qb8 12. h3 e5 13. dxe5 Nxe5 14. Qe2 b6
15. cxd5 Nxd5 16. Nc4 Nxf3+ 17. Qxf3 b5 18. Nxd6 Qxd6 19. Qg4 Nf6 20. Qd4 Qxd4
21. Bxd4 Nd5 22. Rac1 Re6 23. Rc2 a6 24. Rfc1 Rc8 25. Kf1 Ne7 26. g4 f5 27. Bc5
fxg4 28. hxg4 Kf7 29. Ke2 Nd5 30. Kf3 g5 31. Rh1 1/2-1/2

[Event "Tournoi Skype 023B"]
[Site "Skype"]
[Date "????.??.??"]
[Round "7.5"]
[White "Mantelli, Luca"]
[Black "Montalvo, Mario"]
[Result "0-1"]
[WhiteElo "1285"]
[BlackElo "1360"]
[PlyCount "54"]

1. e4 c5 2. Nc3 g6 3. g3 Bg7 4. Bg2 Nc6 5. d3 d6 6. Nd5 Nf6 7. Nxf6+ Bxf6 8. c3
O-O 9. Bh6 Re8 10. Ne2 Bg4 11. h3 Bd7 12. O-O b5 13. a3 a5 14. Qd2 Qc8 15. g4
e6 16. f4 Rb8 17. Ng3 b4 18. g5 Bh8 19. Rab1 bxc3 20. bxc3 Qc7 21. Ne2 a4 22.
Rfc1 Rb3 23. Rxb3 axb3 24. d4 cxd4 25. cxd4 Qa7 26. Qb2 Nxd4 27. Qd2 Nxe2+ 0-1